000 00402cam a2200169ua 4500
020 _c2.00
041 _amal
_h
082 _a894.8122
_bKAN/RA
100 _aKanam, E J .
245 _aRavum pakalum /
_cE J Kanam.
_hTextual Documents
260 _aThuravoor :
_bSree Narasimha Vilasam Book Depot.
300 _a174 ; .
365 _a2.00
504 _a
942 _cBK
999 _c6645
_d6645